000 00490cam a2200169 4500500
005 20260405003832.0
041 _afre
042 _adc
100 1 0 _aMaillard, Denis
_eauthor
245 0 0 _aSpinoza Code
260 _c2024.
500 _a91
690 _aEnquĂȘte
690 _aSpinoza
786 0 _nPhilosophie magazine | 178 | 4 | 2024-04-01 | p. 49-49 | 1951-1787
856 4 1 _uhttps://shs.cairn.info/magazine-philosophie-magazine-2024-4-page-49?lang=fr&redirect-ssocas=7080
999 _c2071303
_d2071303